| 000 -LEADER |
| fixed length control field |
00288nam a2200109Ia 4500 |
| 008 - FIXED-LENGTH DATA ELEMENTS--GENERAL INFORMATION |
| fixed length control field |
201217s9999 xx 000 0 und d |
| 100 ## - MAIN ENTRY--PERSONAL NAME |
| Personal name |
Gibson, J. W. |
| 245 #0 - TITLE STATEMENT |
| Title |
Organizational communication : A managerial perspective |
| 260 ## - PUBLICATION, DISTRIBUTION, ETC. |
| Place of publication, distribution, etc. |
New York |
| Name of publisher, distributor, etc. |
Academic Press |
| 300 ## - PHYSICAL DESCRIPTION |
| Extent |
418 |
| 942 ## - ADDED ENTRY ELEMENTS (KOHA) |
| Koha item type |
Books |